000 00231nmm a2200085Ia 4500
008 220120s9999||||xx |||||||||||||||||und||
100 _aChip
245 0 _a10 full free applications, power tools pack, full games
260 _aInfomedia18
999 _c139736
_d139736